[Event "UKR-ch (Women)"]
[Site "Nikolaev"]
[Date "2003.11.12"]
[Round "9"]
[White "Chumak, Ninel"]
[Black "Kostak, Tatiana"]
[Result "0-1"]
[WhiteElo "1935"]
[BlackElo "2071"]
[PlyCount "82"]
[EventDate "2003.11.03"]
[EventType "swiss"]
[EventRounds "9"]
[EventCountry "UKR"]
[SourceTitle "CBM 097 Extra"]
[Source "ChessBase"]
[SourceDate "2004.01.13"]
[SourceVersion "1"]
[SourceVersionDate "2004.01.13"]
[SourceQuality "1"]

1. e4 c5 2. Nf3 d6 3. d4 cxd4 4. Nxd4 Nf6 5. Nc3 g6 6. f4 Nc6 7. Nxc6 bxc6 8. e5 Nd7 9. exd6 exd6 10. Qd4 Nf6 11. Be3 Be7 12. Be2 0-0 13. Bf3 d5 14. Bf2 Ng4 15. 0-0 Nxf2 16. Rxf2 Qa5 17. Na4 Be6 18. b3 Rac8 19. Qd2 Qc7 20. Rd1 Rfd8 21. Be2 Qd7 22. Bd3 Bf5 23. Re1 Bd6 24. h3 Re8 25. Rfe2 Bxd3 26. cxd3 Rxe2 27. Rxe2 Qf5 28. Rf2 h5 29. Qe3 Rc7 30. Qf3 h4 31. Qg4 Qf6 32. f5 Re7 33. Rf1 Bg3 34. Qf3 Qd4+ 35. Kh1 Re3 36. Qg4 Qxd3 37. Qd1 Qxd1 38. Rxd1 Re2 39. fxg6 fxg6 40. Rxd5 Rxa2 41. Kg1 Bf2+ 0-1

[Event "UKR-ch (Women)"]
[Site "Nikolaev"]
[Date "2003.11.11"]
[Round "8"]
[White "Kostak, Tatiana"]
[Black "Gutsko, Anastasiya"]
[Result "1/2-1/2"]
[WhiteElo "2071"]
[BlackElo "2184"]
[PlyCount "86"]
[EventDate "2003.11.03"]
[EventType "swiss"]
[EventRounds "9"]
[EventCountry "UKR"]
[SourceTitle "CBM 097 Extra"]
[Source "ChessBase"]
[SourceDate "2004.01.13"]
[SourceVersion "1"]
[SourceVersionDate "2004.01.13"]
[SourceQuality "1"]

1. d4 Nf6 2. c4 e6 3. Nc3 Bb4 4. Qc2 0-0 5. Bf4 d5 6. e3 c5 7. dxc5 Ne4 8. Bd3 Bxc3+ 9. bxc3 f5 10. cxd5 exd5 11. Nf3 Nxc5 12. Be2 Nc6 13. Rd1 Be6 14. 0-0 Qe7 15. c4 Nb4 16. Qb2 Na4 17. Qa3 Nb6 18. Nd4 a5 19. c5 Nc8 20. Rb1 Nc6 21. Nxe6 Qxe6 22. Rxb7 Ne5 23. Qb2 Nf7 24. Rd1 Ra7 25. Bf3 Qa6 26. Rxa7 Qxa7 27. Bxd5 Qxc5 28. Qb3 Qe7 29. Rc1 Qf6 30. h3 Ne7 31. Be6 h6 32. Bd6 Kh8 33. Bxe7 Qxe7 34. Bxf5 Ng5 35. Rc8 Nf3+ 36. gxf3 Qg5+ 37. Kh2 Qxf5 38. Rxf8+ Qxf8 39. Qd5 a4 40. Kg2 a3 41. f4 Qb8 42. f5 Qb2 43. Qe6 Qd2 1/2-1/2

[Event "UKR-ch (Women)"]
[Site "Nikolaev"]
[Date "2003.11.10"]
[Round "7"]
[White "Alexanian, Nelli"]
[Black "Kostak, Tatiana"]
[Result "1-0"]
[WhiteElo "2096"]
[BlackElo "2071"]
[PlyCount "75"]
[EventDate "2003.11.03"]
[EventType "swiss"]
[EventRounds "9"]
[EventCountry "UKR"]
[SourceTitle "CBM 097 Extra"]
[Source "ChessBase"]
[SourceDate "2004.01.13"]
[SourceVersion "1"]
[SourceVersionDate "2004.01.13"]
[SourceQuality "1"]

1. d4 Nf6 2. c4 c5 3. d5 b5 4. a4 Qa5+ 5. Bd2 b4 6. Qc2 e5 7. f4 e4 8. g4 e3 9. Bxe3 b3+ 10. Qd2 Qxd2+ 11. Bxd2 Nxg4 12. Ra3 Be7 13. Nf3 d6 14. Nc3 Na6 15. Nb5 Bf5 16. Rxb3 0-0 17. Rg1 Nf6 18. Bc3 Bc2 19. Ra3 g6 20. Kd2 Be4 21. Ng5 Bf5 22. Nxd6 Bxd6 23. Bxf6 Bxf4+ 24. e3 Bc7 25. e4 Bf4+ 26. Kd1 Bxg5 27. Rxg5 Bxe4 28. Be2 Rab8 29. a5 h6 30. Re3 Rfe8 31. Rh3 Kh7 32. Rg4 h5 33. Rgh4 Bc2+ 34. Kd2 Be4 35. Rg3 g5 36. Rxg5 Bg6 37. Bxh5 Kg8 38. Bf3 1-0

[Event "UKR-ch (Women)"]
[Site "Nikolaev"]
[Date "2003.11.09"]
[Round "6"]
[White "Kostak, Tatiana"]
[Black "Ushenina, Anna"]
[Result "1/2-1/2"]
[WhiteElo "2071"]
[BlackElo "2311"]
[PlyCount "81"]
[EventDate "2003.11.03"]
[EventType "swiss"]
[EventRounds "9"]
[EventCountry "UKR"]
[SourceTitle "CBM 097 Extra"]
[Source "ChessBase"]
[SourceDate "2004.01.13"]
[SourceVersion "1"]
[SourceVersionDate "2004.01.13"]
[SourceQuality "1"]

1. d4 d5 2. c4 c6 3. Nc3 Nf6 4. cxd5 cxd5 5. Bf4 Nc6 6. Nf3 a6 7. e3 Bg4 8. Rc1 e6 9. Qb3 Bxf3 10. gxf3 Na5 11. Qa4+ Nc6 12. Qb3 Na5 13. Qa4+ Nc6 14. Qb3 Ra7 15. Bd3 Bd6 16. Bg5 h6 17. Bh4 Be7 18. a3 0-0 19. f4 Na5 20. Qd1 b5 21. Bb1 Ne8 22. Bxe7 Qxe7 23. Bd3 f5 24. Nb1 Nd6 25. Rc5 Qh4 26. b3 g5 27. Nd2 Ne4 28. Bxe4 fxe4 29. Rg1 Rg7 30. Qg4 Qxg4 31. Rxg4 gxf4 32. Rxg7+ Kxg7 33. exf4 Rxf4 34. a4 Nb7 35. Rc6 bxa4 36. bxa4 a5 37. Rxe6 Rf6 38. Re7+ Rf7 39. Re5 Rd7 40. Nf1 Nd8 41. Ne3 1/2-1/2

[Event "UKR-chT 9th"]
[Site "Alushta"]
[Date "2001.04.??"]
[Round "1"]
[White "Areshchenko, Alexander"]
[Black "Kostak, Tatiana"]
[Result "1-0"]
[WhiteElo "2335"]
[BlackElo "2080"]
[PlyCount "47"]
[EventDate "2001.04.06"]
[EventType "team-tourn"]
[EventRounds "9"]
[EventCountry "UKR"]
[SourceTitle "EXT 2019"]
[Source "ChessBase"]
[SourceDate "2018.10.10"]
[SourceVersion "1"]
[SourceVersionDate "2018.10.10"]
[SourceQuality "1"]
[WhiteTeam "Kiev Mriya Grandmaster School"]
[BlackTeam "Kherson Zakhidinkombank"]
[WhiteTeamCountry "UKR"]
[BlackTeamCountry "UKR"]

1. e4 c5 2. Nf3 d6 3. d4 cxd4 4. Nxd4 Nf6 5. Nc3 g6 6. Be3 Bg7 7. f3 0-0 8. Qd2 Nc6 9. 0-0-0 d5 10. exd5 Nxd5 11. Nxc6 bxc6 12. Bd4 e5 13. Bc5 Rb8 14. Bc4 Qc7 15. Ne4 Re8 16. Bd6 Qb6 17. Bxb8 Qxb8 18. Bb3 h6 19. Rhe1 f5 20. Nc3 Kh7 21. Nxd5 cxd5 22. Qxd5 e4 23. fxe4 Be6 24. Qd6 1-0

[Event "UKR-chT 9th"]
[Site "Alushta"]
[Date "2001.04.??"]
[Round "8"]
[White "Aveskulov, Valeriy"]
[Black "Kostak, Tatiana"]
[Result "1-0"]
[WhiteElo "2327"]
[BlackElo "2080"]
[PlyCount "65"]
[EventDate "2001.04.06"]
[EventType "team-tourn"]
[EventRounds "9"]
[EventCountry "UKR"]
[SourceTitle "EXT 2019"]
[Source "ChessBase"]
[SourceDate "2018.10.10"]
[SourceVersion "1"]
[SourceVersionDate "2018.10.10"]
[SourceQuality "1"]
[WhiteTeam "Luhansk Chess Club"]
[BlackTeam "Kherson Zakhidinkombank"]
[WhiteTeamCountry "UKR"]
[BlackTeamCountry "UKR"]

1. e4 c5 2. Nf3 d6 3. d4 cxd4 4. Nxd4 Nf6 5. Nc3 g6 6. Be3 Bg7 7. f3 0-0 8. Qd2 Nc6 9. g4 Be6 10. h4 Nd7 11. Nxe6 fxe6 12. Bc4 d5 13. exd5 Nde5 14. Be2 exd5 15. Nxd5 Nxf3+ 16. Bxf3 Rxf3 17. 0-0-0 e6 18. Qe2 Rf7 19. Bg5 Qe8 20. Nc3 Rc8 21. Qe4 Ne5 22. h5 Qc6 23. h6 Bh8 24. Qxc6 Rxc6 25. Rd8+ Rf8 26. Rxf8+ Kxf8 27. Rf1+ Ke8 28. Ne4 Nf7 29. Be3 Rc4 30. Rxf7 Rxe4 31. Rxb7 Bxb2+ 32. Kxb2 Rxe3 33. Rxh7 1-0

[Event "Frydek Mistek op-B"]
[Site "Frydek Mistek"]
[Date "1997.??.??"]
[Round "5"]
[White "Hrabal, Petr"]
[Black "Kostak, Tatiana"]
[Result "0-1"]
[WhiteElo "2055"]
[BlackElo "2065"]
[PlyCount "100"]
[EventDate "1997.??.??"]
[EventType "swiss"]
[EventRounds "9"]
[EventCountry "CZE"]
[SourceTitle "EXT 1998"]
[Source "ChessBase"]
[SourceDate "1997.11.17"]
[SourceVersion "1"]
[SourceVersionDate "1997.11.17"]
[SourceQuality "1"]

1. Nf3 d6 2. e4 c5 3. d4 cxd4 4. Nxd4 Nf6 5. Nc3 g6 6. Be2 Bg7 7. Be3 Nc6 8. Nb3 0-0 9. Qd2 Re8 10. h3 Be6 11. f4 Na5 12. e5 Nxb3 13. axb3 dxe5 14. Qxd8 Rexd8 15. Bf3 e4 16. Nxe4 Nxe4 17. Bxe4 Bxb2 18. Ra2 Bc3+ 19. Ke2 Bd5 20. Bxd5 Rxd5 21. Ra4 a5 22. Rc4 Bf6 23. Rd1 Rxd1 24. Kxd1 b5 25. Rc5 a4 26. Bc1 a3 27. Bxa3 Rxa3 28. Rxb5 Ra8 29. c4 Kf8 30. c5 Ke8 31. Kc2 Kd7 32. Kd3 Ra2 33. g4 h6 34. b4 Ra3+ 35. Kc4 Rc3+ 36. Kd5 Rd3+ 37. Kc4 Rd4+ 38. Kb3 Rxf4 39. Ka4 Kc7 40. Ra5 Bc3 41. Ra7+ Kb8 42. Rxe7 Rxb4+ 43. Ka3 Rb7 44. Re8+ Kc7 45. h4 Bb4+ 46. Ka4 Bxc5 47. h5 Rb4+ 48. Ka5 Rxg4 49. Rh8 Bb6+ 50. Ka6 Ra4+ 0-1

[Event "SVK-ch"]
[Site "Presov"]
[Date "1997.??.??"]
[Round "2"]
[White "Kostak, Tatiana"]
[Black "Ianov, Viktor"]
[Result "0-1"]
[WhiteElo "2065"]
[BlackElo "2310"]
[PlyCount "47"]
[EventDate "1997.??.??"]
[EventType "swiss"]
[EventRounds "9"]
[EventCountry "SVK"]
[SourceTitle "EXT 1998"]
[Source "ChessBase"]
[SourceDate "1997.11.17"]
[SourceVersion "1"]
[SourceVersionDate "1997.11.17"]
[SourceQuality "1"]

1. d4 Nf6 2. c4 d6 3. Nc3 Nbd7 4. e4 e5 5. Nf3 Be7 6. Be2 c6 7. h3 0-0 8. Be3 Qc7 9. Qd2 Re8 10. 0-0 Bf8 11. Rfd1 a6 12. Rac1 exd4 13. Qxd4 Nc5 14. Nd2 a5 15. Bg5 Ne6 16. Qe3 Nxg5 17. Qxg5 a4 18. Bg4 Nxg4 19. Qxg4 Re6 20. Nd5 cxd5 21. cxd5 Qe7 22. Qf5 g6 23. Qf4 Rf6 24. Qg3 0-1